Educación en Chile: evaluación y recomendaciones de política

Αποθηκεύτηκε σε:
Λεπτομέρειες βιβλιογραφικής εγγραφής
Κύριος συγγραφέας: Aedo I., Cristián (Συγγραφέας)
Συγγραφή απο Οργανισμό/Αρχή: Programa de Postgrado en Economía ILADES-Georgetown University (Συγγραφέας)
Μορφή: Βιβλίο
Γλώσσα:Ισπανικά
Έκδοση: Santiago ILADES 2000
Σειρά:I-125
Θέματα:
Ετικέτες: Προσθήκη ετικέτας
Δεν υπάρχουν, Καταχωρήστε ετικέτα πρώτοι!

MARC

LEADER 00000nam a2200000 a 4500
001 UCM1098
003 CL-VaPUC
008 020322e20000000CL |||||||||||||||||spa|d
082 0 4 |a 330.711  |b AED  |2 21 
100 0 |a Aedo I., Cristián  |e author  |9 468101 
110 2 |a Programa de Postgrado en Economía ILADES-Georgetown University  |e author  |9 468102 
245 1 0 |a Educación en Chile: evaluación y recomendaciones de política 
300 |a 56 p 
942 |c BK 
945 |d 20020322 00:00:00  |a crobeson 
260 |a Santiago  |b ILADES  |c 2000 
650 7 |a EDUCACION DE POSTGRADO  |2 CL-VaPUC  |9 310729 
650 0 |a Economía   |9 255568 
650 0 |a Política educacional  |9 308011 
650 0 |a Planificación de la educación   |9 307333 
651 7 |a CHILE  |2 CL-VaPUC  |9 468103 
583 |a last modification  |c 20190627 09:48:53  |k Rodrigo Vera 
490 0 |a I-125 
999 |c 299766  |d 299764 
952 |0 0  |1 0  |4 0  |6 330_711000000000000_AED_2000  |7 0  |8 P  |9 356673  |a BIBGIM  |b BIBGIM  |d 2019-11-21  |i 3714039  |o 330.711 AED 2000  |p 3714039  |r 2025-01-15  |w 2019-11-21  |y BK  |k GIM